[Event "Goch op 22nd"]
[Site "Goch"]
[Date "2011.10.01"]
[Round "4"]
[White "Bressel, Egbert"]
[Black "Christen, Stefan"]
[Result "0-1"]
[WhiteElo "1254"]
[BlackElo "1612"]
[PlyCount "37"]
[EventDate "2011.09.29"]
[EventType "swiss"]
[EventRounds "7"]
[EventCountry "GER"]
[SourceTitle "EXT 2014"]
[Source "ChessBase"]
[SourceDate "2013.11.20"]
[SourceVersion "1"]
[SourceVersionDate "2013.11.20"]
[SourceQuality "1"]

1. Nf3 c5 2. c4 e6 3. Nc3 a6 4. g3 b6 5. Bg2 Bb7 6. 0-0 Nf6 7. d3 d6 8. b3 Be7 9. Bb2 0-0 10. a3 Qc7 11. Qc2 Nbd7 12. e3 Rad8 13. e4 d5 14. exd5 exd5 15. d4 dxc4 16. bxc4 cxd4 17. Ne2 d3 18. Qxd3 Nc5 19. Ned4 0-1